1777 1616 1606 1200 1506 1692 1834 1713 1491 1791 1678 1586 1020 1258 1042 1258 1435 1800 1398 1301 1375 1089 1381 1198 1729 1074 1357 1395 1105 1658 1950 1967 1790 1426 1766 1091 1721 1350 1984 1974 1537 1118 1708 1271 1167 1962 1845 1502 1694 1823 1657 1601 1094 1480 1500 1791 1501 1930 1423 1022 1130 1707 1911 1610 1138 1064 1345 1172 1617 1519 1105 1153 1219 1815 1284 1232 1821 1389 1148 1335 1430 1080 1065 1216 1906 1799 1045 1617 1034 1908 1269 1733 1078 1821 1119 1513 1556 1325 1847 BCNSPRNW ULIB Ver.6.0+V

เปลี่ยนเป็นภาษาไทย

Change to English
 แสดงรายละเอียดบรรณานุกรม
  กลับหน้าหลัก

Brief Record : Get Marc (ISO 2709) : E-mail record : QR code < ปิดหน้าต่าง
LEADER : 00000nam 2200000uu 4500
001    13399125562
003     ULIB
008    170628s2558||||th 000 0 tha d
020    ^a9786161124946
060 04 ^aWB115^bต367
245 00 ^aตำราอายุรศาสตร์ มหาวิทยาลัยรังสิต =^bTextbook of MedicineRangsit University /^cบรรณาธิกา, ประเสริฐ ธนกิจจารุ
246 31 ^aTextbook of Medicine Rangsit University /^
250    ^aพิมพ์ครั้งที่ 1
260    ^aกรุงเทพฯ :^bกลุ่มงานอายุรศาสตร์ โรงพยาบาลราชวิถีสังกัดกรมการแพทย์กระทรวงสาธารณสุข,^c2558
300    ^aก-ญ. , 535 หน้า :^bภาพประกอบ (ภาพสีบางภาพ) ;^c30 ซม.
650  2 ^aMedicine
650  4 ^aอายุรศาสตร์
700 0  ^aประเสริฐ ธนกิจจารุ,^eบรรณาธิการ
700 0  ^aไพรัช เกุตรัตนกุล,^eบรรณาธิการ
700 0  ^aวีระศักดิ์ ศรินนภากร,^eบรรณาธิการ
700 0  ^aกิตติ ชื่นยง,^eบรรณาธิการ
710 2  ^aโรงพยาบาลราชวิถี.^bภาควิชาอายุรศาสตร์
710 2  ^aRajavithi Hospital .^bDepartment of Medicine
945    ^p0^l0^i002459
945    ^p0^l0^i002460
945    ^p0^l0^i002461
945    ^p0^l0^i002462
945    ^p0^l0^i002463
999    ^aวรรณษา ชูชัยมงคล
รายการนี้ยังไม่มีแท็ก
คุณยังไม่ได้ล็อกอิน คุณสามารถมีกิจกรรมร่วมกับเว็บไซต์ได้ แต่ต้องล็อกอินก่อน ::
  ล็อกอิน

รายการสื่อสารสนเทศ

ลำดับที่ ประเภท เลขเรียก/บาร์โค้ด สถานที่ สถานะ
1. วิทยาศาสตร์การแพทย์ และสุขภาพ
วิทยาศาสตร์การแพทย์ และสุขภาพ
สถานะ=หนังสือเก่า
WB115 ต367 ฉ.1 
  Barcode: 002459
ห้องสมุดวิทยาเขตสวรรค์ประชารักษ์
►ส่วนจัดเก็บหนังสือเก่า สปร
บนชั้น
  ขอยืม
2. วิทยาศาสตร์การแพทย์ และสุขภาพ
วิทยาศาสตร์การแพทย์ และสุขภาพ
สถานะ=หนังสือเก่า
WB115 ต367 ฉ.2 
  Barcode: 002460
ห้องสมุดวิทยาเขตสวรรค์ประชารักษ์
►ส่วนจัดเก็บหนังสือเก่า สปร
บนชั้น
  ขอยืม
3. วิทยาศาสตร์การแพทย์ และสุขภาพ
วิทยาศาสตร์การแพทย์ และสุขภาพ
สถานะ=หนังสือเก่า
WB115 ต367 ฉ.3 
  Barcode: 002461
ห้องสมุดวิทยาเขตสวรรค์ประชารักษ์
►ส่วนจัดเก็บหนังสือเก่า สปร
บนชั้น
  ขอยืม
4. วิทยาศาสตร์การแพทย์ และสุขภาพ
วิทยาศาสตร์การแพทย์ และสุขภาพ
สถานะ=หนังสือเก่า
WB115 ต367 ฉ.4 
  Barcode: 002462
ห้องสมุดวิทยาเขตสวรรค์ประชารักษ์
►ส่วนจัดเก็บหนังสือเก่า สปร
บนชั้น
  ขอยืม
5. วิทยาศาสตร์การแพทย์ และสุขภาพ
วิทยาศาสตร์การแพทย์ และสุขภาพ
สถานะ=หนังสือเก่า
WB115 ต367 ฉ.5 
  Barcode: 002463
ห้องสมุดวิทยาเขตสวรรค์ประชารักษ์
►ส่วนจัดเก็บหนังสือเก่า สปร
บนชั้น
  ขอยืม

รายการใกล้เคียง
    หัวเรื่อง [Medicine]
    หัวเรื่อง [อายุรศาสตร์]

BibComment


ยังไม่เคยถูกคอมเมนท์

คอมเมนท์ทรัพยากรรายการนี้
  คอมเมนท์: ตำราอายุรศาสตร์ ..


 Copyright 2026. Bcnsprnw @Library